| 000 | 00704nam a2200205Ia 4500 | ||
|---|---|---|---|
| 001 | 5330 | ||
| 003 | GE_BSU | ||
| 008 | 181216s||||||||xx |||||||||||||| ||und|| | ||
| 040 | _cGE_BSU | ||
| 080 | _a517.91+517.37+517.22+517.53/55 | ||
| 100 | _aБугров, Я.С., Никольский, С.М | ||
| 245 | _aДифференциальные уравнения. Кратные интегралы. Ряды. | ||
| 245 | _bУчебник для студ. инжинерно-технических спец. вузов | ||
| 260 | _aМосква | ||
| 260 | _bНаука | ||
| 260 | _c1981 | ||
| 300 | _a448 с. 20см. | ||
| 653 | _aДифференциальные уравнения. | ||
| 942 | _cBK | ||
| 999 |
_c38911 _d38911 |
||